000 02926nam a22004215i 4500
999 _c26877
_d26877
006 a|||||o|||| 00| 0
007 cr nn 008mamaa
008 200630s2020 sz | s |||| 0|eng d
020 _a9783030497491
_qOnline Resource 1
072 7 _aTGBN
_2bicssc
072 7 _aTEC009000
_2bisacsh
072 7 _aTGBN
_2thema
082 0 4 _a621.4
_223
100 1 _aBilousov, Ievgen.
245 1 0 _aModern Marine Internal Combustion Engines
_h[electronic resource] :
_bA Technical and Historical Overview /
_cby Ievgen Bilousov, Mykola Bulgakov, Volodymyr Savchuk.
250 _a1st ed. 2020.
260 _aLondon
_bSpringer
_c2020
300 _aXIII, 385 p. 260 illus.
_bonline resource.
490 1 _aSpringer Series on Naval Architecture, Marine Engineering, Shipbuilding and Shipping,
_v8
505 0 _aFour-stroke engines -- Gas and gas-diesel four-stroke marine engines -- Two-stroke low-speed crosshead marine engines -- Gas-diesel two-stroke marine low-speed engines.
520 _aThis book offers a comprehensive and timely overview of internal combustion engines for use in marine environments. It reviews the development of modern four-stroke marine engines, gas and gas–diesel engines and low-speed two-stroke crosshead engines, describing their application areas and providing readers with a useful snapshot of their technical features, e.g. their dimensions, weights, cylinder arrangements, cylinder capabilities, rotation speeds, and exhaust gas temperatures. For each marine engine, information is provided on the manufacturer, historical background, development and technical characteristics of the manufacturer’s most popular models, and detailed drawings of the engine, depicting its main design features. This book offers a unique, self-contained reference guide for engineers and professionals involved in shipbuilding. At the same time, it is intended to support students at maritime academies and university students in naval architecture/marine engineering with their design projects at both master and graduate levels, thus filling an important gap in the literature.
650 0 _aEngines.
650 0 _aEngineering design.
650 1 4 _aEngine Technology.
650 2 4 _aEngineering Design.
700 1 _aBulgakov, Mykola.
_eauthor.
_4aut
_4http://id.loc.gov/vocabulary/relators/aut
700 1 _aSavchuk, Volodymyr.
_eauthor.
_4aut
_4http://id.loc.gov/vocabulary/relators/aut
710 2 _aSpringerLink (Online service)
773 0 _tSpringer Nature eBook
776 0 8 _iPrinted edition:
_z9783030497484
776 0 8 _iPrinted edition:
_z9783030497507
776 0 8 _iPrinted edition:
_z9783030497514
830 0 _aSpringer Series on Naval Architecture, Marine Engineering, Shipbuilding and Shipping,
_v8
856 4 0 _uhttps://doi.org/10.1007/978-3-030-49749-1
942 _2ddc
_cEBK